Países a partir de una ciudad no capital III - Estadísticas

Estadísticas generales
  • Esta prueba ha sido intentada 56 veces
  • La puntuación promedio es 4 de 16
Estadísticas de respuestas
Ciudad País % Correcto
Hai Phong Vietnam
73%
Quetzaltenango Guatemala
56%
Celje Eslovenia
40%
Ivano-Frankivsk Ucrania
40%
Limón Costa Rica
35%
Navegantes Brasil
29%
Ordino Andorra
23%
Drogheda Irlanda
23%
Montego Bay Jamaica
17%
Al Khor Catar
15%
Osh Kirguistán
15%
Wagga Wagga Australia
12%
Kandy Sri Lanka
12%
Biratnagar Nepal
10%
Zonguldak Turquía
8%
Blantire Malaui
6%
No se encontraron pruebas coincidentes
Distribución de puntuación
Porcentaje de gente con cada puntuación
Porcentaje por número respondido
Historial de tus puntuaciones
No has intentado esta prueba.